| 000 | 00813nam a2200217 a 4500 | ||
|---|---|---|---|
| 999 |
_c12226 _d12226 |
||
| 001 | 12226 | ||
| 003 | BD-JhCC | ||
| 005 | 20220803134024.0 | ||
| 008 | 210828b2021 bg |||| ||a| 000 0 ben d | ||
| 035 | _a(BD-JhCC)12226 | ||
| 040 |
_aBD-JhCC _dBD-JhCC |
||
| 041 | _aBengali | ||
| 082 |
_a297.03 _bRAI 2021 |
||
| 100 | _aরাইহান, মাওলানা মুহাম্মদ ইসমাইল | ||
| 245 |
_aমুসলিম উম্মাহর ইতিহাস বিশ্বকোষ / _cমূল মাওলানা মুহাম্মদ ইসমাইল রাইহান |
||
| 260 |
_aঢাকা: _bমাকতাবাতুল আযহার; _c২০২১. |
||
| 300 |
_a495 p. : _c22 cm. |
||
| 650 | _aEncyclopedia of Islam | ||
| 942 |
_2ddc _cBK _011 |
||